UM Logo

What parents bring to the table : (Record no. 21092)

MARC details
000 -LEADER
fixed length control field 01022nam a22002177a 4500
005 - DATE AND TIME OF LATEST TRANSACTION
control field 20260210090711.0
008 - FIXED-LENGTH DATA ELEMENTS--GENERAL INFORMATION
fixed length control field 240830b ||||| |||| 00| 0 eng d
082 ## - DEWEY DECIMAL CLASSIFICATION NUMBER
Classification number DPer 372.05 El262 March-June 2019 v. 119 n. 3-4
100 ## - MAIN ENTRY--PERSONAL NAME
Personal name Leyva, Diana.
Relator term author.
9 (RLIN) 59529
245 ## - TITLE STATEMENT
Title What parents bring to the table :
Remainder of title maternal behaviors in a grocery game and first graders' literacy and math skills in a low-income sample /
Statement of responsibility, etc. Diana Leyva, Catherine S. Tamis-LeMonda, and Hirokazu Yoshikawa.
260 ## - PUBLICATION, DISTRIBUTION, ETC. (IMPRINT)
Place of publication, distribution, etc. Chicago,USA ;
Name of publisher, distributor, etc. University of Chicago Press ,
Date of publication, distribution, etc. June 2019.
300 ## - PHYSICAL DESCRIPTION
Extent Volume 119, pages 629-650 :
Other physical details illustration ;
Dimensions 25 cm.
500 ## - GENERAL NOTE
General note The Elementary School Journal, vol. 119, no. 4, pages 629-650, June 2019.
650 #0 - SUBJECT ADDED ENTRY--TOPICAL TERM
Topical term or geographic name as entry element Literacy education.
9 (RLIN) 67335
650 #0 - SUBJECT ADDED ENTRY--TOPICAL TERM
Topical term or geographic name as entry element Low income groups.
9 (RLIN) 67346
650 #0 - SUBJECT ADDED ENTRY--TOPICAL TERM
Topical term or geographic name as entry element Mathematics skills.
9 (RLIN) 64871
700 ## - ADDED ENTRY--PERSONAL NAME
Personal name Leyva, Diana.
Relator term author.
9 (RLIN) 59529
700 ## - ADDED ENTRY--PERSONAL NAME
Personal name Tamis-LeMonda, Catherine S.
Relator term author.
9 (RLIN) 59530
700 ## - ADDED ENTRY--PERSONAL NAME
Personal name Yoshikawa, Hirokazu.
Relator term author.
9 (RLIN) 59531
942 ## - ADDED ENTRY ELEMENTS (KOHA)
Source of classification or shelving scheme Dewey Decimal Classification
Koha item type Periodicals
Holdings
Withdrawn status Lost status Source of classification or shelving scheme Damaged status Not for loan Collection code Home library Current library Date acquired Total Checkouts Full call number Date last seen Price effective from Koha item type Public note
    Dewey Decimal Classification     Periodicals UM Digos College - LIC UM Digos College - LIC 08/30/2024   DPer 372.05 El262 March-June 2019 v. 119, n. 3-4 08/30/2024 08/30/2024 Periodicals Periodical Article